គណិតវិទ្យាសម្រាប់សិស្សពូកែថ្នាក់ទី ៩ / (Record no. 3653)

MARC details
000 -LEADER
fixed length control field 01023nam a22002537a 4500
001 - CONTROL NUMBER
control field 3653
003 - CONTROL NUMBER IDENTIFIER
control field FISKH
005 - DATE AND TIME OF LATEST TRANSACTION
control field 20240402150919.0
008 - FIXED-LENGTH DATA ELEMENTS--GENERAL INFORMATION
fixed length control field 240402b cb ||||| |||| 00| 0 eng d
020 ## - INTERNATIONAL STANDARD BOOK NUMBER
International Standard Book Number 12345878
040 ## - CATALOGING SOURCE
Original cataloging agency FISKH
Language of cataloging khr
Transcribing agency FISKH
Modifying agency FISKH
050 ## - LIBRARY OF CONGRESS CALL NUMBER
Classification number PZ7
082 ## - DEWEY DECIMAL CLASSIFICATION NUMBER
Classification number 512.74
100 ## - MAIN ENTRY--PERSONAL NAME
Personal name Phalkun, Lim
245 ## - TITLE STATEMENT
Title គណិតវិទ្យាសម្រាប់សិស្សពូកែថ្នាក់ទី ៩ /
Statement of responsibility, etc. និពន្ធដោយ : សាស្រ្តាចារ្យ លឹម ផល្គុន
260 ## - PUBLICATION, DISTRIBUTION, ETC.
Place of publication, distribution, etc. Phnom Penh :
Name of publisher, distributor, etc. Bak Touk 2,
Date of publication, distribution, etc. 2016.
300 ## - PHYSICAL DESCRIPTION
Extent 176 pages :
Dimensions 21 cm
520 ## - SUMMARY, ETC.
Summary, etc. ជាសៀវភៅសម្រាប់ត្រៀមប្រលងសិស្សពូកែ និងសិស្សថ្នាក់ទី ៩​។​
520 ## - SUMMARY, ETC.
Summary, etc. A book for exam preparation for outstanding students and 9th grade students.
650 ## - SUBJECT ADDED ENTRY--TOPICAL TERM
Topical term or geographic name entry element គណិតវិទ្យា​
650 ## - SUBJECT ADDED ENTRY--TOPICAL TERM
Topical term or geographic name entry element Mathematic
942 ## - ADDED ENTRY ELEMENTS (KOHA)
Source of classification or shelving scheme Dewey Decimal Classification
Koha item type Khmer Books
Suppress in OPAC No
Holdings
Withdrawn status Lost status Source of classification or shelving scheme Damaged status Not for loan Collection Home library Current library Shelving location Date acquired Total Checkouts Full call number Barcode Date last seen Price effective from Koha item type
    Dewey Decimal Classification     Reference Footprints International School Library Network Toul Kork Campus Footprints International School Library Network Toul Kork Campus TK Old Khmer Books (Rear Hallway Shelf 3) 04/02/2024   PHA 512.74 PZ7 2024-0451 04/02/2024 04/02/2024 Khmer Books